[Event "CRO-chT (Women) 31st"]
[Site "Veli Losinj"]
[Date "2023.10.13"]
[Round "4.2"]
[White "Saric, Kristina"]
[Black "Mihaljevic, Eva"]
[Result "1-0"]
[WhiteElo "2088"]
[BlackElo "2013"]
[PlyCount "39"]
[EventDate "2023.10.11"]
[EventType "team-tourn"]
[EventRounds "9"]
[EventCountry "CRO"]
[SourceTitle "Mega2024 Update 01"]
[Source "Chessbase"]
[SourceDate "2023.11.12"]
[SourceVersion "1"]
[SourceVersionDate "2023.11.12"]
[SourceQuality "1"]
[WhiteTeam "Strizivojna Amater (W)"]
[BlackTeam "Novo Virje Konaki (W)"]
[WhiteTeamCountry "CRO"]
[BlackTeamCountry "CRO"]

1. e4 c5 2. Nf3 d6 3. Bb5+ Nd7 4. 0-0 a6 5. Bd3 Ngf6 6. Re1 b5 7. c4 Bb7 8. cxb5 axb5 9. Bxb5 Nxe4 10. d4 e6 11. dxc5 Nexc5 12. Nc3 Be7 13. Bf4 0-0 14. Bxd6 Bxd6 15. Qxd6 Bxf3 16. gxf3 Qg5+ 17. Qg3 Qd2 18. Re2 Qh6 19. b4 Qf6 20. Rc1 1-0

[Event "Lignano Bella Italia op 2nd"]
[Site "Lignano Sabbiadoro"]
[Date "2023.08.20"]
[Round "6"]
[White "Saric, Kristina"]
[Black "Maselli, Daniel"]
[Result "1/2-1/2"]
[WhiteElo "2133"]
[BlackElo "1951"]
[PlyCount "43"]
[EventDate "2023.08.17"]
[EventType "swiss"]
[EventRounds "9"]
[EventCountry "ITA"]
[SourceTitle "EXT 2024"]
[Source "ChessBase"]
[SourceDate "2023.10.10"]
[SourceVersion "1"]
[SourceVersionDate "2023.10.10"]
[SourceQuality "1"]

1. e4 d5 2. exd5 Qxd5 3. Nc3 Qa5 4. d4 Nf6 5. Bc4 Bg4 6. Qd3 e6 7. Nf3 Nc6 8. Bb5 Bf5 9. Qc4 Be4 10. Bd2 a6 11. Nxe4 Qxb5 12. Nxf6+ gxf6 13. Qxb5 axb5 14. 0-0 Nb4 15. Bxb4 Bxb4 16. a3 Bd6 17. Rfe1 c6 18. Rad1 Kd8 19. c3 Kc7 20. g3 Rag8 21. Re4 h5 22. Kf1 1/2-1/2

[Event "CRO-ch (Women)"]
[Site "Buzin"]
[Date "2022.12.07"]
[Round "1"]
[White "Saric, Kristina"]
[Black "Ivekovic, Tihana"]
[Result "1/2-1/2"]
[WhiteElo "2143"]
[BlackElo "2143"]
[PlyCount "37"]
[EventDate "2022.12.07"]
[EventType "tourn"]
[EventRounds "7"]
[EventCountry "CRO"]
[SourceTitle "CBM 212 Extra"]
[Source "ChessBase"]
[SourceDate "2023.03.31"]
[SourceVersion "1"]
[SourceVersionDate "2023.03.31"]
[SourceQuality "1"]

1. e4 c5 2. Nf3 e6 3. d4 cxd4 4. Nxd4 a6 5. Bd3 Bc5 6. Nb3 Be7 7. 0-0 d6 8. Be3 Nf6 9. a4 Nbd7 10. Nc3 Qc7 11. f4 b6 12. Qf3 Bb7 13. Qg3 h5 14. h3 h4 15. Qf2 Nh5 16. Ne2 Nhf6 17. Nc3 Nh5 18. Ne2 Nhf6 19. Nc3 1/2-1/2

[Event "CRO-chT (Women) 30th"]
[Site "Porec"]
[Date "2022.09.26"]
[Round "4.2"]
[White "Saric, Kristina"]
[Black "Vodopija, Irina"]
[Result "1-0"]
[WhiteElo "2165"]
[BlackElo "1724"]
[PlyCount "87"]
[EventDate "2022.09.24"]
[EventType "team-tourn"]
[EventRounds "9"]
[EventCountry "CRO"]
[SourceTitle "CBM 210 Extra"]
[Source "ChessBase"]
[SourceDate "2022.11.30"]
[SourceVersion "1"]
[SourceVersionDate "2022.11.30"]
[SourceQuality "1"]
[WhiteTeam "Strizivojna Amater (W)"]
[BlackTeam "Zagreb Ericsson Tesla (W)"]
[WhiteTeamCountry "CRO"]
[BlackTeamCountry "CRO"]

1. e4 c6 2. Nc3 d5 3. Nf3 dxe4 4. Nxe4 Nd7 5. Bc4 e6 6. Qe2 Nb6 7. Bb3 Be7 8. 0-0 Nf6 9. d4 0-0 10. Ng3 Qc7 11. c3 c5 12. dxc5 Qxc5 13. Be3 Qc7 14. Bd4 Nbd5 15. Be5 Bd6 16. Bxd6 Qxd6 17. Rad1 Qc5 18. Qe5 b5 19. Nh5 Nxh5 20. Bxd5 exd5 21. Rxd5 Qc6 22. Qxh5 Bg4 23. Qg5 Bxf3 24. gxf3 h6 25. Qd2 Rfe8 26. Rd1 Qf6 27. Qd3 a6 28. Rd7 Qg5+ 29. Kh1 Qh4 30. Qd5 Qf4 31. Kg2 Rac8 32. Rd4 Qg5+ 33. Qxg5 hxg5 34. Re4 Kf8 35. Rd6 Rxe4 36. fxe4 Ra8 37. Kf3 Ke7 38. Rb6 Kd7 39. Rb7+ Ke6 40. Ke3 g6 41. Rb6+ Ke5 42. Rc6 Ra7 43. f3 f6 44. h4 1-0

[Event "GRE-chT 49th"]
[Site "Thessaloniki"]
[Date "2022.08.12"]
[Round "1"]
[White "Batsi, Lida"]
[Black "Saric, Kristina"]
[Result "0-1"]
[WhiteElo "1439"]
[BlackElo "2169"]
[PlyCount "40"]
[EventDate "2022.08.12"]
[EventType "team-swiss"]
[EventRounds "7"]
[EventCountry "GRE"]
[SourceTitle "EXT 2024"]
[Source "ChessBase"]
[SourceDate "2023.10.10"]
[SourceVersion "1"]
[SourceVersionDate "2023.10.10"]
[SourceQuality "1"]
[WhiteTeam "Thessaloniki Sach"]
[BlackTeam "Gaziou SA"]
[WhiteTeamCountry "GRE"]
[BlackTeamCountry "GRE"]

1. e4 c5 2. c3 Nf6 3. e5 Nd5 4. d4 cxd4 5. Nf3 e6 6. cxd4 Be7 7. Nc3 Nxc3 8. bxc3 d6 9. Bd3 Nc6 10. 0-0 dxe5 11. dxe5 0-0 12. Qe2 Qc7 13. Qe4 g6 14. Re1 Rd8 15. Bg5 Nxe5 16. Nxe5 Bxg5 17. f4 Bf6 18. Rac1 Bd7 19. Ng4 Bg7 20. Kh1 f5 0-1

[Event "Split op 10th"]
[Site "Split"]
[Date "2021.08.04"]
[Round "6"]
[White "Saric, Kristina"]
[Black "Lutsko, Artem"]
[Result "0-1"]
[WhiteElo "2203"]
[BlackElo "2240"]
[PlyCount "60"]
[EventDate "2021.07.31"]
[EventType "swiss"]
[EventRounds "9"]
[EventCountry "CRO"]
[SourceTitle "CBM 203 Extra"]
[Source "ChessBase"]
[SourceDate "2021.09.30"]
[SourceVersion "1"]
[SourceVersionDate "2021.09.30"]
[SourceQuality "1"]

1. e4 g6 2. d4 Bg7 3. Nf3 d6 4. Be2 Nf6 5. Nc3 0-0 6. 0-0 e6 7. Bf4 a6 8. a4 b6 9. Qd2 Bb7 10. Bg5 h6 11. Bxh6 Nxe4 12. Nxe4 Bxe4 13. c3 Nd7 14. Rfe1 Re8 15. Bxg7 Kxg7 16. Ng5 Bb7 17. Bd3 e5 18. f4 f6 19. Bxg6 Kxg6 20. f5+ Kxf5 21. Nf7 Qe7 22. Nh6+ Ke6 23. Qd3 Qf8 24. Qh7 f5 25. g4 Bf3 26. c4 fxg4 27. Nxg4 Qf7 28. Qh6+ Nf6 29. dxe5 Bxg4 30. Rf1 dxe5 0-1

[Event "Split op 10th"]
[Site "Split"]
[Date "2021.07.31"]
[Round "1"]
[White "Kharchenko, Michail"]
[Black "Saric, Kristina"]
[Result "1/2-1/2"]
[WhiteElo "1764"]
[BlackElo "2203"]
[PlyCount "90"]
[EventDate "2021.07.31"]
[EventType "swiss"]
[EventRounds "9"]
[EventCountry "CRO"]
[SourceTitle "EXT 2022"]
[Source "ChessBase"]
[SourceDate "2021.10.06"]
[SourceVersion "1"]
[SourceVersionDate "2021.10.06"]
[SourceQuality "1"]

1. e4 c5 2. Nf3 Nc6 3. d4 cxd4 4. Nxd4 Qb6 5. Nxc6 bxc6 6. Bd3 Nf6 7. 0-0 d6 8. h3 e5 9. c4 Be7 10. Nc3 0-0 11. Bc2 Be6 12. Bb3 Nd7 13. Be3 Qa6 14. c5 Nxc5 15. Bxc5 dxc5 16. Bxe6 fxe6 17. Qd7 Bf6 18. Qxe6+ Kh8 19. Rfd1 Qb6 20. b3 Bh4 21. f3 c4+ 22. Kh1 Qe3 23. Qxc4 Rxf3 24. Rf1 Bf2 25. Qe6 Rf6 26. Qxe5 Raf8 27. Nd1 Qd4 28. Qxd4 Bxd4 29. Rxf6 Rxf6 30. Rb1 Rf1+ 31. Kh2 Be5+ 32. g3 Rf3 33. Kg2 Rxg3+ 34. Kf2 Rxh3 35. Rc1 Rh6 36. Rc4 Rf6+ 37. Ke2 h5 38. Rc5 Re6 39. Ke3 g5 40. Nf2 Bf4+ 41. Kf3 Rf6 42. Ke2 Kg7 43. Nh3 Kg6 44. Nxf4+ gxf4 45. Kf3 h4 1/2-1/2

[Event "CRO-chT (Women) 28th"]
[Site "Mali Losinj"]
[Date "2019.09.30"]
[Round "4.22"]
[White "Medic, Mirjana"]
[Black "Saric, Kristina"]
[Result "1/2-1/2"]
[WhiteElo "2186"]
[BlackElo "2222"]
[PlyCount "189"]
[EventDate "2019.09.28"]
[EventType "team-tourn"]
[EventRounds "9"]
[EventCountry "CRO"]
[SourceTitle "EXT 2020"]
[Source "ChessBase"]
[SourceDate "2019.10.17"]
[SourceVersion "1"]
[SourceVersionDate "2019.10.17"]
[SourceQuality "1"]
[WhiteTeam "Busevec Polet (W)"]
[BlackTeam "Rijeka Liburnija (W)"]
[WhiteTeamCountry "CRO"]
[BlackTeamCountry "CRO"]

1. d4 Nf6 2. Nf3 e6 3. c4 d5 4. Nc3 dxc4 5. e3 a6 6. Bxc4 b5 7. Bd3 c5 8. 0-0 Bb7 9. Qe2 Nbd7 10. Rd1 b4 11. Na4 cxd4 12. exd4 Qa5 13. b3 Bd6 14. Nb2 Qh5 15. Nc4 Bc7 16. Nfe5 Qxe2 17. Bxe2 Nd5 18. Bf3 f6 19. Nd3 Rb8 20. Re1 Kf7 21. Bd2 N7b6 22. Rac1 Nxc4 23. bxc4 Nc3 24. Bxb7 Rxb7 25. Nxb4 Rxb4 26. Rxc3 Rb2 27. Be3 Ba5 28. Rcc1 Bxe1 29. Rxe1 Rc8 30. c5 a5 31. a4 Rb4 32. g3 Rxa4 33. Rd1 Rc4 34. d5 exd5 35. Rxd5 a4 36. Rd7+ Kg6 37. Ra7 Rc6 38. Kg2 Re6 39. Kf3 f5 40. h4 h6 41. Kg2 Kf6 42. h5 Re7 43. Ra6+ Re6 44. Ra7 g5 45. hxg6 Kxg6 46. Kf3 h5 47. Ra8 Kf6 48. Ra7 Ke5 49. Ke2 h4 50. Kd3 Rb4 51. gxh4 Rxh4 52. c6 Rxc6 53. f4+ Ke6 54. Rxa4 Rh3 55. Ra3 Kf7 56. Kd2 Rd6+ 57. Ke2 Re6 58. Kf2 Kg6 59. Bc5 Rxa3 60. Bxa3 Rc6 61. Bb4 Kh5 62. Kf3 Rb6 63. Bc5 Rb3+ 64. Kf2 Kg4 65. Bd6 Rb2+ 66. Ke3 Kg3 67. Be5 Rb3+ 68. Ke2 Rb4 69. Bd6 Re4+ 70. Kf1 Kf3 71. Be5 Rb4 72. Ke1 Ke3 73. Kf1 Rb1+ 74. Kg2 Re1 75. Bd6 Re2+ 76. Kg3 Ke4 77. Bc7 Ra2 78. Be5 Ke3 79. Bd6 Ra6 80. Be7 Rg6+ 81. Bg5 Ke2 82. Kg2 Rg8 83. Kg3 Rb8 84. Bf6 Rb3+ 85. Kg2 Ke3 86. Be5 Ke4 87. Kf2 Rf3+ 88. Kg2 Rxf4 89. Bxf4 Kxf4 90. Kf2 Ke4 91. Ke2 f4 92. Kf2 f3 93. Kf1 Ke3 94. Ke1 f2+ 95. Kf1 1/2-1/2

[Event "CRO-ch (Women)"]
[Site "Zagreb"]
[Date "2018.05.27"]
[Round "6"]
[White "Saric, Kristina"]
[Black "Cvitan, Ena"]
[Result "1/2-1/2"]
[WhiteElo "2228"]
[BlackElo "2103"]
[PlyCount "143"]
[EventDate "2018.05.23"]
[EventType "swiss"]
[EventRounds "9"]
[EventCountry "CRO"]
[SourceTitle "CBM 184 Extra"]
[Source "ChessBase"]
[SourceDate "2018.06.28"]
[SourceVersion "1"]
[SourceVersionDate "2018.06.28"]
[SourceQuality "1"]

1. e4 c6 2. d4 d5 3. Nc3 dxe4 4. Nxe4 Bf5 5. Ng3 Bg6 6. h4 h6 7. Nf3 Nd7 8. h5 Bh7 9. Bd3 Bxd3 10. Qxd3 Ngf6 11. Bf4 e6 12. 0-0-0 a5 13. Ne4 Nxe4 14. Qxe4 Nf6 15. Qe2 Qd5 16. c4 Qe4 17. Be3 Ng4 18. Rh4 Qf5 19. Ne5 Nxe5 20. Rf4 Qh7 21. dxe5 Be7 22. Qf3 0-0 23. Rd7 Rae8 24. Rxb7 Qd3 25. Rd4 Qf1+ 26. Qd1 Qxg2 27. Rg4 Qh2 28. Bxh6 Qxe5 29. Rxe7 Rxe7 30. Bxg7 Qxg7 31. Rxg7+ Kxg7 32. h6+ Kh7 33. Qd6 Ree8 34. Qxc6 Kxh6 35. b3 Ra8 36. Qc7 Kg6 37. Kc2 f6 38. Kc3 Rfc8 39. Qb7 e5 40. Qe4+ Kg7 41. a3 Rh8 42. Qg4+ Kf7 43. c5 Rad8 44. Qc4+ Kg6 45. Qe4+ Kg5 46. Qg2+ Kf5 47. Qf3+ Kg5 48. b4 axb4+ 49. axb4 Rd4 50. c6 Ra8 51. Qe3+ Kf5 52. Qh3+ Kf4 53. Qh4+ Kf5 54. Qh3+ Kf4 55. Qh6+ Kf5 56. c7 Ke6 57. b5 Rd6 58. Kb4 Rc8 59. Qh3+ f5 60. Qh6+ Kd5 61. Qd2+ Ke6 62. Qa2+ Ke7 63. Qc2 Kd7 64. Qxf5+ Kxc7 65. Qxe5 Kd7 66. Qg7+ Kd8 67. f4 Rb8 68. Qh8+ Kc7 69. Qe5 Kd7 70. Qg7+ Kd8 71. Ka5 Ra8+ 72. Kb4 1/2-1/2

[Event "CRO-ch (Women)"]
[Site "Zagreb"]
[Date "2018.05.26"]
[Round "4"]
[White "Saric, Kristina"]
[Black "Ivekovic, Tihana"]
[Result "0-1"]
[WhiteElo "2228"]
[BlackElo "2184"]
[PlyCount "108"]
[EventDate "2018.05.23"]
[EventType "swiss"]
[EventRounds "9"]
[EventCountry "CRO"]
[SourceTitle "CBM 184 Extra"]
[Source "ChessBase"]
[SourceDate "2018.06.28"]
[SourceVersion "1"]
[SourceVersionDate "2018.06.28"]
[SourceQuality "1"]

1. e4 c5 2. Nf3 e6 3. c4 Nc6 4. Be2 Nf6 5. Nc3 d5 6. exd5 exd5 7. d4 cxd4 8. Nxd4 Bc5 9. Nxc6 bxc6 10. cxd5 cxd5 11. 0-0 0-0 12. Bg5 d4 13. Na4 Be7 14. Bf3 Rb8 15. Bf4 Rb5 16. Rc1 Bb7 17. Qd3 Qa5 18. b3 Bxf3 19. Qxf3 Rd5 20. Rfd1 Bd6 21. Bxd6 Rxd6 22. Qf4 Qd8 23. h3 Re8 24. Nc5 Rd5 25. Rd2 h6 26. b4 Nh5 27. Qf3 Nf6 28. Rcd1 Qb8 29. a3 a5 30. Qb3 Rxc5 31. Rxd4 Rce5 32. Qc3 axb4 33. axb4 Qb5 34. Rc4 Re1+ 35. Rxe1 Rxe1+ 36. Kh2 Qe5+ 37. Qxe5 Rxe5 38. g3 Rb5 39. Kg2 Nd5 40. h4 Rxb4 41. Rc8+ Kh7 42. Rc2 h5 43. Rd2 Nf6 44. Re2 Kg6 45. Rc2 Ng4 46. Rc6+ f6 47. Rc2 Rb5 48. Re2 Rf5 49. Rb2 Rxf2+ 50. Rxf2 Nxf2 51. Kxf2 Kf5 52. Kf3 g6 53. Kf2 Kg4 54. Kg2 f5 0-1

[Event "CRO-chT (Women)"]
[Site "Sibenik"]
[Date "2016.10.08"]
[Round "1.2"]
[White "Saric, Kristina"]
[Black "Blagojevic, Tijana"]
[Result "1/2-1/2"]
[WhiteElo "2200"]
[BlackElo "2245"]
[PlyCount "21"]
[EventDate "2016.10.08"]
[EventType "team-tourn"]
[EventRounds "9"]
[EventCountry "CRO"]
[SourceTitle "EXT 2017"]
[Source "ChessBase"]
[SourceDate "2016.10.25"]
[SourceVersion "1"]
[SourceVersionDate "2016.10.25"]
[SourceQuality "1"]
[WhiteTeam "Split Mornar (W)"]
[BlackTeam "Zagreb Mladost (W)"]
[WhiteTeamCountry "CRO"]
[BlackTeamCountry "CRO"]

1. e4 e5 2. Nf3 Nc6 3. Bb5 Nf6 4. 0-0 Nxe4 5. Re1 Nd6 6. Bf1 Be7 7. Nxe5 Nf5 8. Nf3 0-0 9. d4 d5 10. c3 Nd6 11. Be3 1/2-1/2